Quizzes
Events
Quiz Creation
Community
Videos
Private Events
Remove Ads
Sign In
Join for FREE
Feedback
Dark Mode
Quiz Categories
Sports
Geography
Music
Movies
Television
Just For Fun
Miscellaneous
History
Literature
Language
Science
Gaming
Entertainment
Religion
Holiday
For Kids
Quiz Lab
Recent
Popular Today
Quiz Kudos Today
Editor Picks
Curator Picks
Quizzes by...
Day
Popularity
Type
Ratings
Length
Year
Community
Subscriptions
Recent Discussions
Orange Saloon
Badges
Playlists
Quests
Create
Leaderboards
Showdown
Live 5
Trivia Bingo
Activity
Puzzle Library
Sporcle Events
Private Events
Virtual Trivia
Globe League
Become a Host
Pub Owners
SporcleCon
Opinionation
Our Games
Videos
Blog
Mobile Apps
Partnerships
Remove Ads and Go Orange
Feedback
Music
Pop Music
The Beatles
Song
Album
Lyrics
Bands
Singers
Artist
Clip
Rock
Rap
Classical
Billboard
Country Music
Kpop
Taylor Swift
Music
Pop Music
The Beatles
Song
Album
Lyrics
Bands
Singers
Artist
Clip
Rock
Rap
Classical
Billboard
Country Music
Kpop
Taylor Swift
Random Quiz
Search Sporcle
×
Quiz Lab
Quiz Lab
Music
Bands
Type in answers that appear in a list
Type in answers that appear in a list
Classic
Best Score? Go Orange.
Modern Pop Punk/Emo Bands Stats
Name the modern pop punk/emo bands given a song and an album.
By
sharkdaddy
6m
38 Questions
570 Plays
570 Plays
570 Plays
Comments
Comments
Give Quiz Kudos
Give Quiz Kudos
-
- Ratings
hide this ad
Random Order
Randomize order of answers
Randomize order of answers
Replay
Link that replays current quiz
Next Quiz
Link to next quiz in quiz playlist
You Got
0%
They Got
Avg Score
27%
Avg Friend Score
Upgrade to see
Score Distribution
Jump to the score distribution portion of the page
Score
0/38
Timer
06:00
0
Plays Today
Song
Band
% Correct
In Bloom
Neck Deep
74.2%
Elevated
State Champs
58.1%
Dial Tones
As It Is
56.3%
Hawaii (Stay Awake)
Waterparks
54.9%
Gone
Knuckle Puck
52.5%
Empty Space
The Story So Far
50.4%
Twin Size Mattress
The Front Bottoms
50.4%
Passing Through a Screen Door
The Wonder Years
49.1%
Wedding Singer
Modern Baseball
42.8%
Laika
Boston Manor
38.2%
Summer
Real Friends
37.2%
Cherry
Moose Blood
35.8%
Chlorine
Trophy Eyes
33%
Nineteen
Movements
30.5%
Blonde Hair, Black Lungs
Sorority Noise
29.8%
Strangers
Trash Boat
29.1%
Airhead
Seaway
28.9%
If This Tour Doesn't Kill You, I Will
PUP
24.6%
Storyteller
Broadside
23.9%
Song
Band
% Correct
Promise Everything
Basement
23.7%
New Scream
Turnover
23%
Let's Talk About Your Hair
Have Mercy
21.1%
Roam the Room
Citizen
21.1%
Million Dollars to Kill Me
Joyce Manor
20.5%
Heck You Bart, Pt. II: Electric Boogaloo
Mom Jeans
20.2%
Caution
Tiny Moving Parts
18.9%
Head in the Ceiling Fan
Title Fight
17.7%
Montrose
Man Overboard
17.7%
The Sun
Tigers Jaw
17%
Yarn
McCafferty
13.5%
Grass Stains
Microwave
11.8%
Stranger
Can't Swim
10%
Fake Knees
Dads
7.5%
Dead Wrong
Somos
5.8%
Bad Habit
Carousel Kings
3.9%
Nothing Left
Milestones
3.7%
WLWYCD
Polar Bear Club
3.3%
Best Mistake
Conditions
0.9%
Quiz Playlist
Details
Report
Send in Message
Add To Playlist
Classic:
Type in answers that appear in a list
Random Order:
Randomize order of answers
Last Updated: Dec 20, 2018
Quiz Scoreboard
CHALLENGE
Sign Up to Join the Scoreboard
Show All
Scores
Hide
Comments
May contain spoilers
Recently Published
Popular People in 1961
by mucciniale
History
6m
1-10 Letter E Words III
by El_Dandy
Language
2m
One Thing in Common: World Cities II
by knightlancer
Geography
7m
More to Explore
Quiz From the Vault
Featured Blog Post
Where Did the Easter Bunny Come From?
hide this ad
You Might Also Like...
Tags
Bands Quiz
emo
Emo Band
Emo Rock
Modern Bands
Pop Punk
Today's Top Quizzes in Music
Browse Music
hide this ad
Today's Top Quizzes in Bands
Browse Bands
Top Contributed Quizzes in Music
1
Taylor Swift All Songs (2024)
2
2010s Album by Cover III
3
One Thing in Common: Music
4
Taylor Swift Logic Puzzle
5
Guess the Artist- 70s Songs
6
2010s Album by Cover IV
7
Guess the Taylor Swift song (Mystery Song)
8
2010s Album by Cover V
9
Lana Del Rey Discography (BTD to DYKTTATUOB)
10
2010s Album by Cover VI
Explore More
Trending Topics
Disney
Anime
Kpop
Crossword
Harry Potter
Marvel
NBA
Pokémon
Country
The Office
Song
Soccer
NFL
Puzzle
WWE
hide this ad
More By:
sharkdaddy
Quiz
Plays
Rating
Category
Featured
Created
Modern Pop Punk/Emo Bands
570
4.00
Music
Dec 20, 2018
Black Sabbath - War Pigs (Lyrics)
272
3.50
Music
Jan 7, 2019
Modern Baseball or Slaughter Beach, Dog?
248
5.00
Music
Mar 19, 2020
A Perfect Circle - Judith (Lyrics)
147
Music
Dec 31, 2018
Toto - Hold the Line (Lyrics)
130
Music
Jan 9, 2019
Go to Creator's Profile
Score Distribution
Quiz Creator Spotlight
sharkdaddy
Follow
Send a Message
Quizzes Created
-
Created Quiz Play Count
-
More By This Creator
Popular Quizzes Today
1
Find the US States - No Outlines Minefield
2
Find the Countries of Europe - No Outlines Minefield
3
The Countries of the World
4
Popular People in 1961
5
1-10 Letter E Words III
6
Find the US States
7
One Thing in Common: World Cities II
8
US States
More Music Quizzes
Battle At Gardens Gate Symbols
Quiz Lab
Trending Quizzes
Risky Map Clicking: Least Populous States A-Z
1-10 Letter F Words
1-10 Letter G Words
One Thing in Common: United Kingdom
Risky Map Clicking: Next State Alphabetically
Recently Updated
Leaping Animals
pecheneg
Reality TV Shows (A-Z)
bhenderson79
Rickey Henderson's Hall of Fame Teammates
pecheneg
Champions League XIs: Arsenal
pecheneg
Quick Pick: Celebrities in WWE's Hall of Fame
aduchscher
A-Z Keypad Blitz II
pecheneg
Multiple Oscar Actors
pecheneg
Mystery Phrase Blitz: Oscar 'Best Actors'
pecheneg
F. Scott Fitzgerald Novels
LTH
Pick 3 Villains
ddd62291
Trending Topics
Crossword
Disney
Anime
Harry Potter
Kpop
Marvel
NBA
Song
Country
Soccer
WWE
The Office
NFL
Puzzle
Pokémon
Your Account Isn't Verified!
In order to create a playlist on Sporcle, you need to verify the email address you used during registration. Go to your
Sporcle Settings
to finish the process.
Report this User
Report this user for behavior that violates our
Community Guidelines
.
Details:
Send Report
Go to the Sporcle.com Mobile Site →
Comments